000 00370pab a2200145 454500
008 180718b1985 xxu||||| |||| 00| 0 eng d
100 _aMaitra, D.
245 _aGround water and its bearing on health hazard
260 _c1985
300 _a13-14
362 _a4 May
650 _aWater Supply - India - U.P.
773 _aCalcutta Municipal Gazette
909 _a20651
999 _c20651
_d20651